Catálogo
 En Linea

Parque Nacional del Este : (Registro nro. 19983)

Detalles MARC
000 -CABECERA
campo de control de longitud fija 00591nam a2200169 u 4500
001 - NÚMERO DE CONTROL
campo de control 000020479
005 - FECHA Y HORA DE LA ÚLTIMA TRANSACCIÓN
campo de control 20200930011122.0
008 - DATOS DE LONGITUD FIJA--INFORMACIÓN GENERAL
campo de control de longitud fija 100809s1980 dr c r 000 0 spa d
040 ## - FUENTE DE LA CATALOGACIÓN
Centro catalogador/agencia de origen DO-SdBNP
Lengua de catalogación spa
Centro/agencia transcriptor BNPHU
082 ## - NÚMERO DE LA CLASIFICACIÓN DECIMAL DEWEY
Número de clasificación xxxx
Número de documento/Ítem xxx
245 00 - MENCIÓN DE TÍTULO
Título Parque Nacional del Este :
Resto del título plan de manejo /
Mención de responsabilidad, etc. introducción Merilio G. Morell ; fotografía Juan Alfonseca.
260 ## - PUBLICACIÓN, DISTRIBUCIÓN, ETC.
Lugar de publicación, distribución, etc. Santo Domingo :
Nombre del editor, distribuidor, etc. Dirección Nacional de Parques,
Fecha de publicación, distribución, etc. 1980.
300 ## - DESCRIPCIÓN FÍSICA
Extensión 68 p. :
Otras características físicas retrs. ;
Dimensiones 20 cm.
590 ## - NOTA LOCAL (RLIN)
Nota local Inventariado, 2019/ YL
700 12 - PUNTO DE ACCESO ADICIONAL--NOMBRE DE PERSONA
Nombre de persona Morell, Merilio G
Término indicativo de función/relación int.
9 (RLIN) 21773
700 12 - PUNTO DE ACCESO ADICIONAL--NOMBRE DE PERSONA
Nombre de persona Alfonseca, Juan
Término indicativo de función/relación fot.
9 (RLIN) 43161
Existencias
Estado de retiro Estado de pérdida No para préstamo Código de colección Localización permanente Ubicación/localización actual Ubicación en estantería Fecha de adquisición Número de inventario Total de préstamos Signatura topográfica completa Código de barras Fecha visto por última vez Precio válido a partir de Tipo de ítem Koha Nota pública Número de copia
    Excluido de préstamo Patrimonio Dominicano Patrimonio Dominicano Patrimonio Dominicano Depósito 19.07.2019 LF1   xxxx xxx 20479-10 25.06.2020 25.06.2020 Libro y Folleto Colección Patrimonio Dominicano Donación Familia Reyes Duluc  
    Excluido de préstamo Patrimonio Dominicano Patrimonio Dominicano Patrimonio Dominicano Depósito 30.07.2019 LF1   xxxx xxx 20479-20 25.06.2020 25.06.2020 Libro y Folleto Colección Patrimonio Dominicano Perteneció a la biblioteca personal de la Flia. Reyes Duluc e. 2

Con tecnología Koha